000 00764cam a22002294a 4500
005 20250605164317.0
008 250528s ||||||||||||||||||||||||d
035 _a22729
020 _a9780077078690
040 _aGR-AtMCL
_bgre
_dGR-AtMCL
_eAACR2
245 1 _aFINANCIAL MANAGEMENT FOR INTERNATIONAL BUSINESS
250 _a1
260 _bMcgraw Hill,
_c1994
300 _a390
505 0 _aINTERNATIONAL FINANCIAL MARKETS AND INSTITUTIONS INTERNATIONAL RISK MANAGEMENT INTERNATIONAL ASSET MANAGEMENT
520 _aINTERNATIONAL FINANCIAL MARKETS AND INSTITUTIONS INTERNATIONAL RISK MANAGEMENT INTERNATIONAL ASSET MANAGEMENT
700 1 _aDemirag Istemi
_98441
700 1 _aGoddard Scott
_98442
942 _cBK
999 _c7774
_d7774